| 000 | 00485nam a22001937a 4500 | ||
|---|---|---|---|
| 003 | OSt | ||
| 005 | 20160715162325.0 | ||
| 008 | 160713b xxu||||| |||| 00| 0 eng d | ||
| 020 | _a0632053628 | ||
| 040 | _cDNLM. | ||
| 082 | _aWB18L576u 1999. | ||
| 100 |
_aLevy,Andrew; _910162 |
||
| 245 |
_aVideo Casebook. _bMedicine; |
||
| 260 |
_auk _bBlackwell Science. _c1999. |
||
| 300 |
_aix,158p; _bill; _c25cm. |
||
| 504 | _aincludes index. | ||
| 650 |
_aMedicine. _9324 |
||
| 942 |
_2z _cO_SHELF |
||
| 999 |
_c4761 _d4761 |
||